| 000 | 00689nam a2200229 i 4500 | ||
|---|---|---|---|
| 001 | bg | ||
| 245 | 0 |
_aGrammaire : _bcours de Civilisation française de la Sorbonne : 350 exercices niveau supŕieur II / _cC.-M. Beaujeu [et al.]. |
|
| 260 |
_aParis : _bHachette, _ccop.1991. |
||
| 300 |
_a159 s. ; _c25 cm. |
||
| 490 | 1 |
_aExerçons-nous, _x1142-768X |
|
| 650 | 9 |
_aJęzyk francuski _xgramatyka |
|
| 655 | _aPodręczniki | ||
| 700 | 1 | _aBEAUJEU, C.-M. | |
| 830 |
_aExerçons-nous, _x1142-768X |
||
| 020 | _a2010162918 | ||
| 040 | _cBPK | ||
| 041 | 0 | _afr | |
| 080 | _a811.133.1'36(075.3.053.7) | ||
| 920 | _a2-01-016291-8 | ||
| 942 | _cKS | ||
| 008 | s pl f |000 0 pol | ||
| 999 |
_c38108 _d38108 |
||